[Event "Budapest Vezerkepzo GM Mix"]
[Site "Budapest"]
[Date "2021.06.27"]
[Round "4"]
[White "Souhardo, Basak"]
[Black "Egresi, Mate"]
[Result "1-0"]
[WhiteElo "2382"]
[BlackElo "2383"]
[PlyCount "75"]
[EventDate "2021.06.24"]
[EventType "swiss"]
[EventRounds "10"]
[EventCountry "HUN"]
[SourceTitle "CBM 203 Extra"]
[Source "ChessBase"]
[SourceDate "2021.09.30"]
[SourceVersion "1"]
[SourceVersionDate "2021.09.30"]
[SourceQuality "1"]

1. e4 c5 2. Nf3 d6 3. d4 cxd4 4. Nxd4 Nf6 5. Nc3 a6 6. Be2 e5 7. Nb3 Be7 8. Be3 Be6 9. Nd5 Nbd7 10. Qd3 Bxd5 11. exd5 0-0 12. g4 Nc5 13. Nxc5 dxc5 14. 0-0-0 e4 15. Qd2 Bd6 16. g5 Nd7 17. h4 f5 18. gxf6 Qxf6 19. Rdg1 Be5 20. c3 b5 21. Rg2 Qd6 22. Bg4 Nb6 23. Be6+ Kh8 24. Rd1 a5 25. Qc2 a4 26. Qxe4 a3 27. b3 Bxc3 28. Rdg1 Ra7 29. Rg5 Rf6 30. Rh5 g6 31. Rxg6 Rxg6 32. Qxg6 Qf8 33. Bxc5 Qb8 34. Bd6 Qd8 35. Bf7 Rxf7 36. Qxf7 Bg7 37. Be5 Qc7+ 38. Qxc7 1-0

[Event "Budapest Vezerkepzo GM 1st"]
[Site "Budapest"]
[Date "2021.02.02"]
[Round "8"]
[White "Egresi, Mate"]
[Black "Nguyen, Huynh Minh Huy"]
[Result "1/2-1/2"]
[WhiteElo "2391"]
[BlackElo "2412"]
[PlyCount "20"]
[EventDate "2021.01.25"]
[EventType "tourn"]
[EventRounds "9"]
[EventCountry "HUN"]
[EventCategory "6"]
[SourceTitle "CBM 200 Extra"]
[Source "ChessBase"]
[SourceDate "2021.03.31"]
[SourceVersion "1"]
[SourceVersionDate "2021.03.31"]
[SourceQuality "1"]

1. d4 d5 2. c4 c6 3. cxd5 cxd5 4. Bf4 Nf6 5. Nc3 Nc6 6. Nf3 Bf5 7. e3 e6 8. Bd3 Bxd3 9. Qxd3 Bd6 10. Bxd6 Qxd6 1/2-1/2

[Event "Budapest Vezerkepzo GM 1st"]
[Site "Budapest"]
[Date "2021.01.31"]
[Round "6"]
[White "Egresi, Mate"]
[Black "Nagy, Gabor"]
[Result "1/2-1/2"]
[WhiteElo "2391"]
[BlackElo "2495"]
[PlyCount "30"]
[EventDate "2021.01.25"]
[EventType "tourn"]
[EventRounds "9"]
[EventCountry "HUN"]
[EventCategory "6"]
[SourceTitle "CBM 200 Extra"]
[Source "ChessBase"]
[SourceDate "2021.03.31"]
[SourceVersion "1"]
[SourceVersionDate "2021.03.31"]
[SourceQuality "1"]

1. d4 Nf6 2. c4 e6 3. Nf3 d5 4. e3 dxc4 5. Bxc4 a6 6. 0-0 b5 7. Bd3 Bb7 8. a4 b4 9. Nbd2 c5 10. e4 cxd4 11. e5 Nd5 12. Nc4 Be7 13. Nxd4 Nc6 14. Nxc6 Bxc6 15. Qg4 Kf8 1/2-1/2

[Event "Budapest Vezerkepzo GM 1st"]
[Site "Budapest"]
[Date "2021.01.26"]
[Round "2"]
[White "Egresi, Mate"]
[Black "Petenyi, Tamas"]
[Result "0-1"]
[WhiteElo "2391"]
[BlackElo "2474"]
[PlyCount "88"]
[EventDate "2021.01.25"]
[EventType "tourn"]
[EventRounds "9"]
[EventCountry "HUN"]
[EventCategory "6"]
[SourceTitle "CBM 200 Extra"]
[Source "ChessBase"]
[SourceDate "2021.03.31"]
[SourceVersion "1"]
[SourceVersionDate "2021.03.31"]
[SourceQuality "1"]

1. d4 g6 2. c4 Bg7 3. Nc3 d6 4. e4 a6 5. Nf3 Bg4 6. Be2 Nc6 7. Be3 Bxf3 8. Bxf3 e5 9. d5 Nd4 10. 0-0 Nf6 11. Bxd4 exd4 12. Qxd4 0-0 13. Qe3 Nd7 14. Bg4 Ne5 15. Be2 Qe7 16. Kh1 Rfe8 17. c5 Nd7 18. cxd6 cxd6 19. Bf3 Rac8 20. Rac1 Ne5 21. Be2 Nc4 22. Bxc4 Rxc4 23. f3 Rec8 24. Ne2 Qe5 25. b3 Rc2 26. a4 Qb2 27. Rxc2 Rxc2 28. Re1 Rd2 29. f4 Qc2 30. h3 Rd3 31. Rc1 Rxe3 32. Rxc2 Rxe4 33. Kg1 Bf6 34. Kf2 Rb4 35. Rc7 Rxb3 36. Rd7 Kf8 37. a5 Ke8 38. Rc7 Bd8 39. Rc4 Bxa5 40. f5 Bb6+ 41. Ke1 Ke7 42. fxg6 hxg6 43. Nf4 Bc5 44. Re4+ Kf6 0-1

[Event "Budapest Vezerkepzo GM 1st"]
[Site "Budapest"]
[Date "2021.01.25"]
[Round "1"]
[White "Egresi, Mate"]
[Black "Palczert, Matyas"]
[Result "1/2-1/2"]
[WhiteElo "2391"]
[BlackElo "2214"]
[PlyCount "119"]
[EventDate "2021.01.25"]
[EventType "tourn"]
[EventRounds "9"]
[EventCountry "HUN"]
[EventCategory "6"]
[SourceTitle "CBM 200 Extra"]
[Source "ChessBase"]
[SourceDate "2021.03.31"]
[SourceVersion "1"]
[SourceVersionDate "2021.03.31"]
[SourceQuality "1"]

1. d4 Nf6 2. c4 e6 3. Nf3 d5 4. Nc3 a6 5. c5 b6 6. cxb6 cxb6 7. Bg5 Be7 8. e3 0-0 9. Bd3 Bb7 10. Ne5 Nbd7 11. f4 Nxe5 12. fxe5 Ne4 13. Bxe7 Qxe7 14. Bxe4 dxe4 15. 0-0 f5 16. exf6 Rxf6 17. Qh5 Raf8 18. Qe5 Qf7 19. Rxf6 Qxf6 20. Qxf6 gxf6 21. Na4 Rc8 22. Nxb6 Rc2 23. Nd7 f5 24. Nc5 Bd5 25. Nxa6 Rxb2 26. a4 f4 27. Nc7 Bc6 28. Nxe6 fxe3 29. a5 Rd2 30. Re1 e2 31. Kf2 Bb5 32. Nc7 Bd3 33. a6 Ra2 34. d5 Kf7 35. d6 Bxa6 36. d7 Ke7 37. Nxa6 Rxa6 38. Rxe2 Rd6 39. Ke3 Rxd7 40. Rf2 Ra7 41. Kxe4 Ra4+ 42. Kd3 Ra3+ 43. Kc4 Ra4+ 44. Kd5 Ra5+ 45. Ke4 Ra4+ 46. Kf5 Kf7 47. Kg5+ Kg7 48. g4 Ra6 49. Rf5 Rg6+ 50. Kf4 Ra6 51. h4 h6 52. Rd5 Kf6 53. Rd4 Rb6 54. Ke4 Ra6 55. Kd5 Ra5+ 56. Kd6 Ra6+ 57. Kd7 Ra7+ 58. Ke8 Ra8+ 59. Rd8 Rxd8+ 60. Kxd8 1/2-1/2

[Event "HUN-ch rapid"]
[Site "Ajka"]
[Date "2020.07.19"]
[Round "13"]
[White "Egresi, Mate"]
[Black "Antal, Gergely"]
[Result "0-1"]
[WhiteElo "2362"]
[BlackElo "2571"]
[PlyCount "86"]
[EventDate "2020.07.17"]
[EventType "swiss (rapid)"]
[EventRounds "13"]
[EventCountry "HUN"]
[SourceTitle "CBM 197 Extra"]
[Source "ChessBase"]
[SourceDate "2020.09.30"]
[SourceVersion "1"]
[SourceVersionDate "2020.09.30"]
[SourceQuality "1"]

1. d4 Nf6 2. c4 g6 3. Nc3 d5 4. Nf3 Bg7 5. h4 c6 6. cxd5 cxd5 7. Bf4 0-0 8. e3 Nc6 9. Ne5 Nxe5 10. Bxe5 Ne4 11. Bxg7 Kxg7 12. Nxe4 dxe4 13. h5 Be6 14. Be2 Rc8 15. Qa4 Qb6 16. h6+ Kg8 17. Qa3 Rc2 18. Rb1 Bxa2 19. Qxa2 Qb4+ 20. Kf1 Qd2 21. Kg1 Qxe2 22. Rf1 Rfc8 23. Kh2 Qh5+ 24. Kg1 Qb5 25. Kh2 a5 26. Qa3 Qg5 27. Kg1 Rc1 28. Qa4 Rxf1+ 29. Kxf1 Qg4 30. Ke1 Qxg2 31. Rf1 Qh3 32. d5 Qxh6 33. Qxe4 Rc1+ 34. Ke2 Qh5+ 35. f3 Qh2+ 36. Rf2 Qg1 37. Qa4 Qe1+ 38. Kd3 Qxf2 39. Qe8+ Kg7 40. Qxe7 Qxf3 41. d6 Rd1+ 42. Kc2 Qe2+ 43. Kb3 Qb5+ 0-1

[Event "HUN-ch rapid"]
[Site "Ajka"]
[Date "2020.07.19"]
[Round "12"]
[White "Havanecz, Bianka"]
[Black "Egresi, Mate"]
[Result "0-1"]
[WhiteElo "2251"]
[BlackElo "2362"]
[PlyCount "80"]
[EventDate "2020.07.17"]
[EventType "swiss (rapid)"]
[EventRounds "13"]
[EventCountry "HUN"]
[SourceTitle "CBM 197 Extra"]
[Source "ChessBase"]
[SourceDate "2020.09.30"]
[SourceVersion "1"]
[SourceVersionDate "2020.09.30"]
[SourceQuality "1"]

1. d4 d5 2. c4 e6 3. Nf3 Nf6 4. g3 dxc4 5. Bg2 Bb4+ 6. Bd2 a5 7. 0-0 0-0 8. Qc2 Bxd2 9. Nbxd2 b5 10. Ne5 Ra6 11. e3 Nfd7 12. Ndf3 Nxe5 13. Nxe5 f6 14. Nf3 Nc6 15. a3 a4 16. Rad1 Bb7 17. Nd2 Qa8 18. f3 e5 19. Ne4 exd4 20. exd4 Ne7 21. Nc5 Rd6 22. Rfe1 Ng6 23. Nxb7 Qxb7 24. f4 Qb6 25. Qf2 Rfd8 26. f5 Nf8 27. Re4 c5 28. Re7 cxd4 29. Qf4 d3+ 30. Kf1 R6d7 31. Re4 Qd6 32. Qg4 Re7 33. Rde1 Rxe4 34. Qxe4 Nd7 35. Qd5+ Qxd5 36. Bxd5+ Kf8 37. Bc6 Ne5 38. Bxb5 Rb8 39. Bxa4 Rxb2 40. Ra1 c3 0-1